000 00230nam a2200097Ia 4500
001 767691
005 20250826165404.0
008 250824s9999 xx 000 0 und d
245 0 _a250 YÜZ
_cSENAİ DEMİRCİ
260 _bİLTEK A.Ş.
999 _c767691
_d767691